000 00670nam a2200229 i 4500
001 C2-0314998
003 PPAK
005 20200504111325.0
008 120422s2010 xxu |||| ||||| | eng d
020 _a9780674058170
040 _aPPAK
_beng
_cPPAK
_erda
082 0 4 _a333.95
_223
090 0 0 _a333.95
_bWIL
_dLCK
100 1 _aWilson, Edward osborne,
_eauthor
245 1 4 _aThe Diversity Of life :
_bWith a New Preface /
_cEdward O. Wilson
264 1 _aUnited States :
_c2010
_bHARVARD UNIVERSITY PRESS ,
300 _aix, 413 pages ;
_c23 cm
336 _2rdacontent
_atext
337 _2rdamedia
_aunmediated
338 _2rdacarrier
_avolume
942 _cB
_2ddc
999 _c116296
_d116296